| 000 | 00498nam a2200205 a 4500 | ||
|---|---|---|---|
| 001 | BRL_606 | ||
| 005 | 20190320210823.0 | ||
| 008 | 100913s1969----enk#######---#000-1#eng-# | ||
| 041 | _aeng | ||
| 044 | _aenk | ||
| 050 | 4 |
_aPZ3 _b.C47 1969 |
|
| 100 | 1 |
_aChristie, Agatha _99260 |
|
| 245 | 1 | 0 |
_aEndless Night _cAgatha Christie |
| 260 |
_aGrea Britain _bFontana Books _c1969 |
||
| 300 |
_a191 p. _c18 cm. |
||
| 500 | _aAu657 | ||
| 650 | 1 | 4 |
_aNovela policiaca _923905 |
| 902 | _aGRL | ||
| 942 |
_2lcc _cB |
||
| 999 |
_c9418 _d9418 |
||